Statistics for Scary Movie Name Endings

Click here to take the quiz!

General Stats

  • This quiz has been taken 160 times
  • The average score is 14 of 15

Answer Stats

HintAnswer% Correct
Happy DeathDay
98%
A HauntedHouse
98%
The Cabin in TheWoods
97%
GhostBusters
96%
GetOut
96%
BeatleJuice
95%
PolterGiest
94%
KingKong
94%
ScaryMovie
94%
World WarZ
93%
House of a 1000Corpses
90%
ResidentEvil
90%
EvilDead
81%
TheTerrifier
81%
HellRaiser
80%

Score Distribution

Percentile by Number Answered

Percent of People with Each Score

Your Score History

You have not taken this quiz